Ада Даллас: роман; пер. с англ.

التفاصيل البيبلوغرافية
المؤلف الرئيسي: Уильямс В. Верт
اللغة:الروسية
منشور في: Москва, Радуга, 1989
الموضوعات:
التنسيق: MixedMaterials كتاب
KOHA link:https://koha.lib.tpu.ru/cgi-bin/koha/opac-detail.pl?biblionumber=82228

MARC

LEADER 00000nam0a2200000 4500
001 82228
005 20231031095612.0
010 |a 5050025923 
020 |a RU  |b 89-43170 
035 |a (RuTPU)RU\TPU\book\88374 
090 |a 82228 
100 |a 20050929d1989 m y0rusy5003 ca 
101 1 |a rus  |c eng 
102 |a RU 
105 |a y z 000ay 
200 1 |a Ада Даллас  |e роман  |e пер. с англ.  |f Верт Уильямс 
210 |a Москва  |c Радуга  |d 1989 
215 |a 334,[1] с.  |d 21 см 
610 1 |a американская литература 
610 1 |a США 
610 1 |a демократия буржуазная 
610 1 |a 20 век 
610 1 |a романы 
675 |a 82  |z rus 
700 1 |a Уильямс  |b В.  |g Верт  |4 070 
801 0 |a RU  |b RuMRKP  |c 19950417  |g psbo 
801 1 |a RU  |b 63413507  |c 20050929  |g PSBO 
801 2 |a RU  |b 63413507  |c 20201210  |g PSBO 
942 |c BK